|
|
|
|
| LEADER |
00000nab a2200000 ar4500 |
| 001 |
vtls010616866 |
| 003 |
SK-MaSNL |
| 005 |
20260305040116.0 |
| 008 |
140827c20131025xo mr|p|||||||000 b|slo |
| 038 |
|
|
|a SNSK
|
| 040 |
|
|
|b slo
|c SNSK
|e AACR2
|
| 041 |
|
|
|a slo
|
| 044 |
|
|
|a xo
|c SK
|
| 080 |
|
|
|a 332.834.6
|x (437.672)
|2 2001
|
| 080 |
|
|
|a 069.444
|2 2001
|
| 100 |
1 |
|
|a Horniaková, Viera
|4 ivr
|4 aut
|9 989891
|
| 245 |
1 |
0 |
|a Hospodárenie BHMK a jeho fond opráv
|c Viera Horniaková
|
| 610 |
2 |
7 |
|a Bytové hospodárstvo mesta Krompachy (Krompachy, Slovensko)
|2 snsk
|9 1028600
|
| 650 |
0 |
7 |
|a rozhovory
|2 snsk
|9 453585
|
| 651 |
|
7 |
|a Krompachy (Slovensko)
|2 snsk
|9 43389
|
| 651 |
|
7 |
|a Spišská Nová Ves (Slovensko : okres)
|2 snsk
|9 22259
|
| 700 |
1 |
|
|a Rušinová, Iveta
|4 ive
|4 aut
|9 1608569
|
| 773 |
0 |
|
|t Krompašský spravodajca. Mesačník občanov Krompách
|g Roč. 23, č. 10 (25. október 2013), s. 17
|
| 852 |
|
|
|a SNSK
|b KIS3GCP
|
| 999 |
|
|
|c 3336734
|d 3338664
|